| 000 | 00372nam a2200157Ia 4500 | ||
|---|---|---|---|
| 008 | 210210b2000 xxu||||| |||| 00| 0 eng d | ||
| 020 | _a81 87504 03 X | ||
| 082 | _a574.192 DASB | ||
| 100 | _aDAS (Debajyoti). | ||
| 245 | _aBiochemistry | ||
| 250 | _a | ||
| 260 |
_aCalcutta _bAcademic publishers _c2000 |
||
| 300 | _a778 | ||
| 690 | _aBiochemistry | ||
| 906 | _aSG03545 | ||
| 999 |
_c113909 _d113909 |
||